The reality of enlargement - political and institutional implications (Record no. 74375)
[ view plain ]
| 000 -LEADER | |
|---|---|
| fixed length control field | 01322cam a2200217 4500 |
| 001 - CONTROL NUMBER | |
| control field | X125930 |
| 008 - FIXED-LENGTH DATA ELEMENTS--GENERAL INFORMATION | |
| fixed length control field | 040423n2004 000 0 eng u |
| 035 ## - SYSTEM CONTROL NUMBER | |
| System control number | (Sirsi) u125930 |
| 100 ## - MAIN ENTRY--PERSONAL NAME | |
| Personal name | Hind, T. |
| 245 #4 - TITLE STATEMENT | |
| Title | The reality of enlargement - political and institutional implications |
| 260 ## - PUBLICATION, DISTRIBUTION, ETC. | |
| Date of publication, distribution, etc. | 2004 |
| 490 ## - SERIES STATEMENT | |
| Series statement | Farm Management |
| Volume/sequential designation | 11(12) April 2004, 720-726(4) |
| 520 ## - SUMMARY, ETC. | |
| Summary, etc. | This year EU-15 will become EU-25. This paper examines some of the political and economic implications of enlargement for agriculture. It is likely that the hand of the smaller countries will be strengthened and that qualified majority voting will become more important in directing the EU. It will almost certainly lead to the reform of the three main EU institutions - the Commission, Council and Parliament. For the agricultural sector, these changes are likely to make negotiations on future reforms of the Common Agricultural Policy, post enlargement, more difficult and may reduce the finances available from the Structural Funds for rural measures in the current member states. [Taken from journal abstract]. |
| 650 ## - SUBJECT ADDED ENTRY--TOPICAL TERM | |
| Topical term or geographic name entry element | EUROPEAN UNION |
| 650 ## - SUBJECT ADDED ENTRY--TOPICAL TERM | |
| Topical term or geographic name entry element | AGRICULTURAL INDUSTRY |
| 650 ## - SUBJECT ADDED ENTRY--TOPICAL TERM | |
| Topical term or geographic name entry element | EU ENLARGEMENT |
| 650 ## - SUBJECT ADDED ENTRY--TOPICAL TERM | |
| Topical term or geographic name entry element | COMMON AGRICULTURAL POLICY |
| 650 ## - SUBJECT ADDED ENTRY--TOPICAL TERM | |
| Topical term or geographic name entry element | CAP REFORM |
| 690 ## - LOCAL SUBJECT ADDED ENTRY--TOPICAL TERM (OCLC, RLIN) | |
| Topical term or geographic name as entry element | RURAL-AGRICULTURE AND FORESTRY |
| 942 ## - ADDED ENTRY ELEMENTS (KOHA) | |
| Suppress in OPAC | 0 |
| Withdrawn status | Lost status | Source of classification or shelving scheme | Damaged status | Not for loan | Home library | Current library | Shelving location | Date acquired | Total Checkouts | Full call number | Barcode | Date last seen | Copy number | Price effective from | Koha item type |
|---|---|---|---|---|---|---|---|---|---|---|---|---|---|---|---|
| Dewey Decimal Classification | London | London | Journal article | 23/04/2004 | X125930 | 125930-1001 | 06/08/2019 | 1 | 06/08/2019 | Journal article |